Memòria de l' Arxiu Municipal de Girona ...
Descripción Física:
30 cm
Materias:
Arxiu Històric Municipal de Girona
MARC
| LEADER | 00000nam a2200000Ia 4500 | ||
|---|---|---|---|
| 001 | 9093, 9563, 9906, 10486, 10749, 11399, 11682, 11966 | ||
| 003 | BGR | ||
| 005 | 20260324175717.0 | ||
| 008 | 160829s1990 - xx 000 0 cat d | ||
| 080 | |a FU-23-40, FU-24-21, A-1-27, FU-26-12, A-1-28, A-1-29, A-1-30, A-1-31 | ||
| 110 | 1 | |a Arxiu Històric Municipal de Girona |9 70490 | |
| 245 | |a Memòria de l' Arxiu Municipal de Girona ... | ||
| 260 | |a Girona : |b Ajuntament, |c 1990 - | ||
| 300 | |a 30 cm | ||
| 610 | 1 | 0 | |a Arxiu Històric Municipal de Girona |9 70490 |
| 710 | 1 | |a Girona (Catalunya). |b Ajuntament |9 54942 | |
| 866 | |a 1986-1989, 1991-1992, 1992, 1993, 1994, 1995, 1996, 1997 | ||
| 901 | |a Arxiu | ||
| 942 | |n 1 |2 udc |c MON | ||
| 952 | |0 0 |1 0 |4 0 |6 FU2340_FU2421_A127_FU2612_A128_A129_A130_A131 |7 1 |9 48584 |a Arxiu |b Arxiu |d 2016-12-01 |l 0 |o FU-23-40, FU-24-21, A-1-27, FU-26-12, A-1-28, A-1-29, A-1-30, A-1-31 |p 9093, 9563, 9906, 10 |r 2016-12-01 00:00:00 |w 2016-12-01 |y ARXIU | ||
| 999 | |c 52414 |d 52414 | ||